| 000 | 00485nam a22001937a 4500 | ||
|---|---|---|---|
| 003 | OSt | ||
| 005 | 20140310181933.0 | ||
| 008 | 130723t xxu||||| |||| 00| 0 eng d | ||
| 050 |
_aPR 6045 _b.W913 1996 |
||
| 082 |
_aCLA _bW88t 1996 |
||
| 100 |
_aVirginia Woolf _93014 |
||
| 245 |
_aTo The Lighthouse / _cVirginia Woolf |
||
| 260 |
_aLondon _bPenguin Books, _cc1996. |
||
| 300 |
_a306 p. _c17 cm. |
||
| 541 | _j1 | ||
| 541 | _j1 | ||
| 562 | _e2 | ||
| 942 |
_2lcc _cBBK _kCLA |
||
| 999 |
_c7457 _d7457 |
||